00770nam a22001937a 450000500170000001000300001702000260004703500280007303700130010103700160011408200150013024500790014526000310022427000630025530000290031850000190034752001930036670000170055920110124143846.0 aENG -101941 B-456798-802 a9780415612555c995.00 aEN -85474 B-456798-802 bDBAD/PUB bK.K.Pub/Ven a355.033054 aIndia 's national security :cedited by Satish kumarbannual review 2010 / aNew DelhibRoutledgec2011 a912 Tolstoy House, 15-17 Tolstoy Marg,bNew Delhi e110002 axv, 520 p. c22 cm (Hb)  aincludes index aCollects stories from boys and girls between the ages of nine and thirteen, discussing such topics as friendship, embarrassing situations, family life, popularity, and making a difference. aSatish Kumar